Funkčná negramotnosť a nezamestnanosť

Nezamestnanosť ako prirodzený atribút trhovej ekonomiky. Charakteristika nezamestnanosti. Vymedzenie funkčnej gramotnosti, resp. negramotnosti. Treba vychádzať z potrieb a úrovne rozvoja danej spoločnosti. Chápanie funkčnej negramotnosti, jej príčiny. Prepojenosť funkčnej negramotnosti a nezamestnan...

Celý popis

Uložené v:
Podrobná bibliografia
Hlavný autor: Kováčiková, Dagmar
Médium: Kapitola
Jazyk:Slovak
Predmet:
Tagy: Pridať tag
Žiadne tagy, Buďte prvý, kto otaguje tento záznam!

MARC

LEADER 00000naa a2200000 4500
001 r045473
005 20230807083651.8
041 0 |a slo 
044 |a SK 
245 1 0 |a Funkčná negramotnosť a nezamestnanosť  |c Dagmar Kováčiková 
520 |a Nezamestnanosť ako prirodzený atribút trhovej ekonomiky. Charakteristika nezamestnanosti. Vymedzenie funkčnej gramotnosti, resp. negramotnosti. Treba vychádzať z potrieb a úrovne rozvoja danej spoločnosti. Chápanie funkčnej negramotnosti, jej príčiny. Prepojenosť funkčnej negramotnosti a nezamestnanosti. 
610 2 0 |a nezamestnanosť 
610 2 0 |a negramotnosť 
610 2 0 |a hospodárstvo trhové 
610 2 0 |a Slovensko 
100 1 |a Kováčiková, Dagmar